Odyssey : (Record no. 130536)

MARC details
000 -LEADER
fixed length control field 00739nam a22002537a 4500
003 - CONTROL NUMBER IDENTIFIER
control field dpl
005 - DATE AND TIME OF LATEST TRANSACTION
control field 20180725121858.0
008 - FIXED-LENGTH DATA ELEMENTS--GENERAL INFORMATION
fixed length control field 180725b xxu||||| |||| 00| 0 eng d
010 ## - LIBRARY OF CONGRESS CONTROL NUMBER
LC control number A-937826
020 ## - INTERNATIONAL STANDARD BOOK NUMBER
Terms of availability 150.00
International Standard Book Number 8171440533
035 ## - SYSTEM CONTROL NUMBER
System control number A-937826, A-937849
037 ## - SOURCE OF ACQUISITION
Source of stock number/acquisition Cen Lib/Ret
040 ## - CATALOGING SOURCE
Original cataloging agency DPL
Language of cataloging EN
Transcribing agency 0
082 ## - DEWEY DECIMAL CLASSIFICATION NUMBER
Classification number S
Item number MAT
245 ## - TITLE STATEMENT
Title Odyssey :
Statement of responsibility, etc edited by Divya Mathur
Remainder of title short storis by Indian women writers settled abroad /
260 ## - PUBLICATION, DISTRIBUTION, ETC. (IMPRINT)
Place of publication, distribution, etc New Delhi
Name of publisher, distributor, etc Star publications
Date of publication, distribution, etc 1998
270 ## - ADDRESS
City New Delhi
Address 4/5, Asaf ali road
Postal code 110002
300 ## - PHYSICAL DESCRIPTION
Extent 136p.:
Dimensions 20cm(Hb)
Other physical details ill.
500 ## - GENERAL NOTE
General note
650 ## - SUBJECT ADDED ENTRY--TOPICAL TERM
Topical term or geographic name as entry element Literature
9 (RLIN) 6262
650 ## - SUBJECT ADDED ENTRY--TOPICAL TERM
Topical term or geographic name as entry element Short stories
9 (RLIN) 44
700 ## - ADDED ENTRY--PERSONAL NAME
Personal name Mathur, Divya
9 (RLIN) 113204
942 ## - ADDED ENTRY ELEMENTS (KOHA)
Source of classification or shelving scheme Dewey Decimal Classification
Koha item type English Books
Classification part N
Call number suffix MAT
Holdings
Withdrawn status Lost status Damaged status Not for loan Home library Current library Date acquired Source of acquisition Cost, normal purchase price Total Checkouts Full call number Barcode Date last seen Copy number Cost, replacement price Price effective from Koha item type Public note Source of classification or shelving scheme Collection code
Written off       Central Library Central Library 09/07/2015 Cen Lib/Ret 150.00   S MAT A-937826 09/07/2015 1 150.00 09/07/2015 English Books W/d List No. 6846/25 : dtd 9/7/20    
        Shahdara Branch Shahdara Branch 25/07/2018 BPPD/PUB 150.00   N MAT A-937849 25/07/2018   150.00 25/07/2018 English Books   Dewey Decimal Classification Fiction

© Delhi Public Library
Hit Counter
free hit counter